Chapman Library

Sanctity of Life (Record no. 7239)

000 -LEADER
fixed length control field 00263nam a22001217a 4500
020 ## - INTERNATIONAL STANDARD BOOK NUMBER
ISBN 0849932424
050 ## - LIBRARY OF CONGRESS CALL NUMBER
Classification number BS 4501.2
100 ## - MAIN ENTRY--AUTHOR NAME
Personal name Swindoll, Charles R.
245 ## - TITLE STATEMENT
Title Sanctity of Life
260 ## - PUBLICATION, DISTRIBUTION, ETC. (IMPRINT)
Place of publication Dallas
Name of publisher Word Publishing
Year of publication 1990
300 ## - PHYSICAL DESCRIPTION
Number of Pages 103p.
942 ## - ADDED ENTRY ELEMENTS (KOHA)
Koha item type Books
Holdings
Koha item type Collection code Shelving location Accession Number Permanent Location Current Location Date acquired Full call number
BooksLendingLending9688Chapman LibraryChapman Library2020-03-19BS 4501.2S


CSUC Chapman Library is a Koha Automated Library.


Contact us: library@csuc.edu.gh.